| Tag |
First Indicator |
Second Indicator |
Subfields |
| LEADER |
00000cam a2200000 4500 |
| 001 |
in00000014781 |
| 005 |
20151007052903.0 |
| 008 |
711221s1971 nyu 00010beng |
| 010 |
|
|
|a 70134214
|
| 035 |
|
|
|a (OCoLC)00218841
|
| 035 |
|
|
|9 AAA9579AM
|
| 040 |
|
|
|a DLC
|c DLC
|d m.c.
|d TXA
|d UtOrBLW
|
| 049 |
|
|
|a TXAM
|c [A12609427]
|
| 050 |
0 |
0 |
|a ML410.L413
|b G4
|
| 082 |
0 |
|
|a 784/.0924
|a B
|
| 100 |
1 |
|
|a Garvin, Richard M.
|
| 245 |
1 |
4 |
|a The midnight special: the legend of Leadbelly /
|c by Richard M. Garvin and Edmond G. Addeo.
|
| 264 |
|
1 |
|a [New York] :
|b B. Geis Associates,
|c [1971]
|
| 264 |
|
4 |
|c ©1971
|
| 300 |
|
|
|a 312 pages ;
|c 22 cm.
|
| 336 |
|
|
|a text
|b txt
|2 rdacontent
|
| 337 |
|
|
|a unmediated
|b n
|2 rdamedia
|
| 338 |
|
|
|a volume
|b nc
|2 rdacarrier
|
| 600 |
0 |
0 |
|a Leadbelly,
|d 1885-1949.
|
| 700 |
1 |
|
|a Addeo, Edmond G.,
|d 1936-
|
| 999 |
|
|
|a MARS
|
| 999 |
f |
f |
|s 75e63025-201c-3efc-8d9b-2995a1ef15ae
|i 6105d708-e4af-3558-8e57-26e9bd20b943
|t 0
|
| 952 |
f |
f |
|p ric
|a Texas A&M University
|b Rellis Campus
|c Joint Library Facility
|d Remote Storage
|t 0
|e ML410.L413 G4
|h Library of Congress classification
|i unmediated -- volume
|m A14812609427
|
| 998 |
f |
f |
|a ML410.L413 G4
|t 0
|l Remote Storage
|